Adenda N§ 2: Declaración de impacto ambiental. Proyecto Planta Llay-Llay de Cristalerías de Chile
Đã lưu trong:
| Định dạng: | Sách |
|---|---|
| Ngôn ngữ: | Tiếng Tây Ban Nha |
| Được phát hành: |
Llay-Llay
Cristalerías de Chile
2004
|
| Những chủ đề: | |
| Các nhãn: |
Thêm thẻ
Không có thẻ, Là người đầu tiên thẻ bản ghi này!
|
MARC
| LEADER | 00000nam a2200000 a 4500 | ||
|---|---|---|---|
| 001 | UCJ0156 | ||
| 003 | CL-VaPUC | ||
| 008 | 060707e20041200CL |||||||||||||||||spa|d | ||
| 082 | 0 | 4 | |a 363.731 |b ADE |2 21 |
| 245 | 1 | 0 | |a Adenda N§ 2: Declaración de impacto ambiental. Proyecto Planta Llay-Llay de Cristalerías de Chile |
| 300 | |a Pág. irreg | ||
| 942 | |c BK | ||
| 945 | |d 20060707 00:00:00 |a cmena | ||
| 260 | |a Llay-Llay |b Cristalerías de Chile |c 2004 | ||
| 500 | |a Incluye planos | ||
| 600 | 0 | 7 | |a CRISTALERIAS DE CHILE S.A |2 CL-VaPUC |9 499983 |
| 650 | 0 | |a Impacto ambiental |9 262796 | |
| 650 | 0 | |a Protección del medio ambiente |9 257626 | |
| 650 | 0 | |a Proyectos de inversión |9 261065 | |
| 650 | 7 | |a CRISTALES |2 CL-VaPUC |9 357403 | |
| 650 | 0 | |a Residuos industriales |9 261421 | |
| 650 | 0 | |a Medidas de seguridad |9 264085 | |
| 651 | 7 | |a LLAY-LLAY |2 CL-VaPUC |9 499998 | |
| 651 | 0 | |a Región 05 |9 267528 | |
| 583 | |a last modification |c 20130401 10:21:49 |k Rodrigo Vera | ||
| 999 | |c 317084 |d 317082 | ||
| 952 | |0 0 |1 0 |4 0 |6 363_731000000000000_ADE_2004 |7 0 |8 A |9 392842 |a BIBING |b BIBING |d 2019-11-22 |i 4239083 |o 363.731 ADE 2004 |p 4239083 |r 2025-01-20 |w 2019-11-22 |y BK |k CCL | ||